000 00290nam a22001337a 4500
008 170724b xxu||||| |||| 00| 0 eng d
020 _a9780619159047
041 _aeng
080 _a004
100 _a29
101 _aSHK
245 _aPROBLEM-SOLVING CASES
_cBRADY,J.A
942 _2udc
_cBK
999 _c21818
_d21818